[Event "Olympiad Women 2024"]
[Site "Budapest HUN"]
[Date "2024.09.22"]
[Round "11.6"]
[Board "1"]
[White "Zhu, Jiner"]
[Black "Pham, Le Thao Nguyen"]
[Result "1-0"]
[WhiteElo "2487"]
[BlackElo "2380"]
[PlyCount "83"]
[EventDate "2024.09.11"]
[WhiteTeam "China"]
[BlackTeam "Vietnam"]
[WhiteTeamCountry "CHN"]
[BlackTeamCountry "VIE"]

1. e4 c6 2. d4 d5 3. e5 Bf5 4. Nf3 e6 5. Be2 Nd7 6. O-O a5 7. Nc3 ({RR} 7. c3 a4 8. Nbd2 h6 9. Ne1 h5 10. Ndf3 Be7 11. Bd3 Nh6 12. Bxh6 Rxh6 13. Bxf5 exf5 14. Qc2 f4 15. Qf5 g5 16. h4 gxh4 17. Nd3 Nf8 18. Nxf4 Qd7 19. e6 fxe6 20. Qh3 Bd6 21. Nd3 O-O-O {0-1 Giri,A (2768)-Deac,B (2700) Superbet Blitz 2023 (5.2)}) 7... Ne7 $146 ({RR} 7... Bg6 8. Rb1 Ne7 9. Bf4 Nf5 10. Bd3 Be7 11. h3 O-O 12. Ne2 c5 13. c3 b5 14. g4 Nh4 15. Nxh4 Bxh4 16. Bxg6 hxg6 17. Be3 b4 18. f4 Be7 19. f5 exf5 20. gxf5 gxf5 21. Ng3 Ra6 22. Nxf5 {1-0 Nasuta,G (2563)-Fedoseev,V (2690) Titled Tue 23rd Jan Late 2024 (2)}) ({RR} 7... h6 8. Rb1 Ne7 9. a4 Bh7 10. Bd3 Bxd3 11. cxd3 Ng6 12. g3 f6 13. h4 fxe5 14. h5 Ne7 15. Nxe5 Nxe5 16. dxe5 Nf5 17. Qg4 Qd7 18. Ne2 Bb4 19. Nf4 O-O-O 20. Ng6 Rhg8 21. Rd1 Qf7 22. Bd2 {1-0 Paravyan,D (2597)-Anuj,S (2420) Titled Tue 8th Aug Early 2023 (4)}) ({RR} 7... a4 8. Bd2 b5 9. b3 Nh6 10. Bd3 Bg4 11. h3 Bh5 12. g4 Bg6 13. Ne2 Be7 14. Ng3 O-O 15. Bxh6 gxh6 16. Qd2 Kg7 17. Rae1 axb3 18. axb3 Qa5 19. Qf4 f6 20. exf6+ Rxf6 21. Nf5+ Kh8 22. Kh1 {0-1 Alekseenko,K (2686)-Pantsulaia,L (2597) Chessable Masters Div 3 W 2023 (1.2)}) 8. Nh4 Bg6 9. f4 Ng8 10. g3 Nh6 11. Be3 b5 12. Bf3 Nb6 13. b3 Rc8 14. Nxg6 hxg6 15. Qd3 Qd7 16. g4 Ba3 17. Rad1 Be7 18. Rf2 a4 19. Ne2 Ra8 20. h4 Ng8 21. Rh2 axb3 22. axb3 Qc8 23. h5 gxh5 24. f5 exf5 25. gxf5 h4 26. Nf4 Nh6 27. Nh5 Rg8 28. Rg2 Nxf5 29. Bg4 Nxe3 30. Bxc8 Nxd1 31. Bb7 Ra1 32. Bxc6+ Kd8 33. Kh2 g5 34. Rg1 Rg6 35. Bxb5 g4 36. Rxd1 g3+ 37. Kg2 Rxd1 38. Qxd1 Rg5 39. Nf4 Kc7 40. Qd3 Rg7 41. Qc3+ Kb8 42. Qc6 1-0

[Event "Olympiad Women 2024"]
[Site "Budapest HUN"]
[Date "2024.09.22"]
[Round "11.6"]
[Board "2"]
[White "Vo, Thi Kim Phung"]
[Black "Song, Yuxin"]
[Result "1/2-1/2"]
[WhiteElo "2320"]
[BlackElo "2373"]
[PlyCount "97"]
[EventDate "2024.09.11"]
[WhiteTeam "Vietnam"]
[BlackTeam "China"]
[WhiteTeamCountry "VIE"]
[BlackTeamCountry "CHN"]

1. d4 Nf6 2. c4 e6 3. Nc3 Bb4 4. Nf3 O-O 5. Bg5 h6 6. Bxf6 Qxf6 7. Rc1 b6 $146 ({RR} 7... d6 8. a3 Bxc3+ 9. Rxc3 e5 10. e3 Bg4 11. Be2 Nc6 12. d5 Ne7 13. Nd2 Bxe2 14. Qxe2 Qg6 15. O-O f5 16. f4 e4 17. Nb3 c5 18. dxc6 bxc6 19. c5 d5 20. Nd4 Rfb8 21. b4 a6 22. Rb1 {1-0 Nechaeva,M (2226)-Galojan,L (2374) Moscow op-C (Women) 2010 (7)}) ({RR} 7... d6 8. Qb3 c5 9. a3 Ba5 10. e4 Nc6 11. dxc5 {½-½ Djuric,S (2517)-Zontakh,A (2530) Cutro 05th 1999 (5)}) ({RR} 7... c5 8. a3 Bxc3+ 9. Rxc3 cxd4 10. Qxd4 Qxd4 11. Nxd4 b6 12. e3 Bb7 13. Rg1 a6 14. Be2 Nc6 15. Nxc6 Bxc6 16. f3 Rfc8 17. Kd2 Kf8 18. Rgc1 Ke7 19. e4 d6 20. Ke3 e5 21. Rd1 Rc7 22. Rdc1 {½-½ Fisabilillah,U (2123)-Sadzikowski,D (2487) Titled Tue 16th Jul Early 2024 (4)}) ({RR} 7... c5 8. dxc5 Na6 9. Qb3 Rd8 10. g3 Qe7 11. a3 Bxc3+ 12. Qxc3 Nxc5 13. Bg2 d6 14. Nd4 Rb8 15. b4 Nd7 16. O-O Nf6 17. Rfd1 Bd7 18. Qb3 e5 19. Nc2 Be6 20. Ne3 e4 21. Qb1 b5 22. cxb5 {0-1 Asgeirsson,H (2115)-Einarsson,B (2210) Gudmundur Arason op 4th 1998 (4)}) ({RR} 7... Re8 8. e3 Nc6 9. Be2 e5 10. O-O Bxc3 11. bxc3 d6 12. Rb1 Rb8 13. Ne1 Bd7 14. Nd3 a5 15. Bg4 Qd8 16. Bxd7 Qxd7 17. Qa4 Qf5 18. Qd1 Qg6 19. Re1 b6 20. Qd2 Rbd8 21. f4 e4 22. Nf2 {0-1 Amjad,A (2252)-Al Ali,H (2375) IRQ-ch Baghdad 2010 (5)}) 8. g3 Bb7 9. Bg2 d6 10. O-O Bxc3 11. Rxc3 Qe7 12. Qc2 Nd7 13. Ng5 Qxg5 14. Bxb7 Rad8 15. f4 Qf6 16. e3 c5 17. Qd2 Qe7 18. Bg2 Nf6 19. d5 exd5 20. Bxd5 Rfe8 21. Rd1 Ne4 22. Bxe4 Qxe4 23. Qd5 g6 24. Kf2 Kg7 25. Rcd3 f5 26. b3 Qxd5 27. Rxd5 Re6 28. h3 h5 29. a4 a5 30. R1d3 Kf6 31. g4 hxg4 32. hxg4 fxg4 33. Kg3 Ke7 34. Kxg4 Rh8 35. e4 Rh1 36. e5 dxe5 37. fxe5 Rg1+ 38. Kf4 Rf1+ 39. Rf3 Rh1 40. Rfd3 Rh4+ 41. Kg3 Re4 42. Rd7+ Kf8 43. Rb7 Ke8 44. Rd5 g5 45. Kf3 Rf4+ 46. Ke3 Rf5 47. Ke4 Rf4+ 48. Ke3 Rf5 49. Ke4 1/2-1/2

[Event "Olympiad Women 2024"]
[Site "Budapest HUN"]
[Date "2024.09.22"]
[Round "11.6"]
[Board "3"]
[White "Guo, Qi"]
[Black "Luong Phuong Hanh"]
[Result "1-0"]
[WhiteElo "2367"]
[BlackElo "2225"]
[PlyCount "109"]
[EventDate "2024.09.11"]
[WhiteTeam "China"]
[BlackTeam "Vietnam"]
[WhiteTeamCountry "CHN"]
[BlackTeamCountry "VIE"]

1. d4 d5 2. c4 e6 3. Nf3 a6 4. cxd5 exd5 5. Nc3 Nf6 6. Bg5 Be6 7. Bxf6 Qxf6 8. Qb3 Ra7 9. g3 Qd8 10. Qa4+ $146 ({RR} 10. h4 c6 11. Bh3 Bxh3 12. Rxh3 Be7 13. O-O-O Nd7 14. g4 a5 15. e4 a4 16. Qc2 a3 17. b3 dxe4 18. Nxe4 Ra5 19. g5 Qc7 20. h5 O-O 21. Kb1 Qf4 22. Rg1 Rd5 23. Nc3 Ra5 24. Ne4 Rd5 {0-1 Batsuren,D (2481)-Praggnanandhaa,R (2608) Online Olym Div Top-A rapid 2020 (6.5)}) ({RR} 10. h4 Be7 11. Bh3 Bxh3 12. Rxh3 c6 13. Kf1 Nd7 14. e4 dxe4 15. Nxe4 O-O 16. Re1 Nf6 17. Kg2 h6 18. Rhh1 Qd5 19. Nxf6+ Bxf6 20. Qxd5 cxd5 21. Rc1 Re8 22. Rc2 Raa8 23. Rc7 Re2 24. Rxb7 Rc8 {1-0 Kuzubov,Y (2605)-Andreikin,D (2729) Titled Tue 13th Feb Early 2024 (10)}) ({RR} 10. h4 c6 11. Bh3 Bxh3 12. Rxh3 Be7 13. Kf1 O-O 14. Kg2 Nd7 15. e4 dxe4 16. Nxe4 Nf6 17. Re1 a5 18. Nc3 Bb4 19. Rhh1 Qd6 20. Re5 h6 21. Rd1 Bxc3 22. Qxc3 Nd5 23. Qc5 Qxc5 24. dxc5 a4 {½-½ Testor,S (2297)-Frosch,R (2220) TCh-AUT 2nd Mitte 2023-24 (7.3)}) ({RR} 10. h4 Be7 11. Bg2 c6 12. Qc2 Nd7 13. Rd1 f5 14. e3 Bf6 15. h5 g5 16. hxg6 hxg6 17. Rxh8+ Bxh8 18. Ke2 Qe7 19. Rh1 Bf6 20. a3 Kd8 21. Nh4 Bf7 22. Kf1 Nb6 23. Nf3 Be8 24. Nd2 Ra8 {1-0 Odegov,A (2239)-Daneshvar,B (2311) Moscow op-A 16th 2020 (6)}) 10... c6 11. Bg2 Be7 12. h4 h6 13. Qc2 Nd7 14. Rd1 b5 15. O-O O-O 16. e4 b4 17. exd5 cxd5 18. Na4 Qa5 19. Rc1 Bd6 20. b3 Rc7 21. Qd2 Rfc8 22. Rfe1 Nf6 23. Ne5 Ne4 24. Bxe4 dxe4 25. Rxc7 Qxc7 26. d5 Bxd5 27. Qxd5 Bxe5 28. Qxe4 Bd6 29. Kg2 Qc2 30. Qg4 h5 31. Qxh5 Qxa2 32. Qf5 Rd8 33. Re3 Rf8 34. Qd3 Bb8 35. Qxa6 Qc2 36. Qb6 Qd2 37. Qc5 Bd6 38. Qc4 Bb8 39. Re4 Ba7 40. Rf4 Be3 41. Rf3 Ba7 42. Nc5 Bxc5 43. Qxc5 Rd8 44. Qc4 Qd5 45. Qxb4 Rc8 46. Qe1 g6 47. Qe3 Qb7 48. h5 gxh5 49. Qg5+ Kf8 50. Qxh5 Kg8 51. Qe5 Ra8 52. Qg5+ Kf8 53. g4 Ra6 54. Kg3 Rg6 55. Qxg6 1-0

[Event "Olympiad Women 2024"]
[Site "Budapest HUN"]
[Date "2024.09.22"]
[Round "11.6"]
[Board "4"]
[White "Bach Ngoc Thuy Duong"]
[Black "Lu, Miaoyi"]
[Result "0-1"]
[WhiteElo "2214"]
[BlackElo "2438"]
[PlyCount "76"]
[EventDate "2024.09.11"]
[WhiteTeam "Vietnam"]
[BlackTeam "China"]
[WhiteTeamCountry "VIE"]
[BlackTeamCountry "CHN"]

1. d4 Nf6 2. c4 e6 3. Nc3 Bb4 4. Nf3 d5 5. Bg5 h6 6. Bxf6 Qxf6 7. Qa4+ Nc6 8. e3 O-O 9. Be2 dxc4 10. Bxc4 Qe7 11. O-O Na5 12. Bd3 Bxc3 ({RR} 12... c5 13. dxc5 Bxc3 14. bxc3 Nc6 15. Qb5 Rb8 16. Bc2 Bd7 17. Qd3 g6 18. h4 Rfd8 19. h5 Be8 20. Qc4 g5 21. Rfd1 Na5 22. Qb4 Nc6 23. Qc4 Na5 24. Qb4 Nc6 25. Qc4 {½-½ Moksh,A (2353)-Prraneeth,V (2506) Reykjavik Open 2024 (7.13)}) 13. bxc3 b6 14. Ne5 $146 ({RR} 14. c4 c5 15. d5 Bd7 16. Qa3 exd5 17. cxd5 f5 18. Rfd1 Qd6 19. Rac1 Kh8 20. Be2 Rae8 {½-½ Dautov,R (2592)-Palac,M (2516) Bundesliga 2022-23 (8.3)}) ({RR} 14. Bb1 Bb7 15. Qc2 g6 16. e4 c5 17. Qd2 Kg7 18. Bd3 Rfd8 19. Rfe1 Rac8 20. Rad1 Qf6 21. h4 cxd4 22. cxd4 Nc6 23. e5 Qe7 24. Be4 Rc7 25. h5 Nb4 26. Bxb7 Rxb7 27. Rc1 Nd5 28. g3 Rc7 {1-0 Mamedyarov,S (2734)-Brkic,A (2622) 24th European Teams 2023 (4.6)}) ({RR} 14. e4 c5 15. Rad1 Bb7 16. Rfe1 Qc7 17. Bb1 cxd4 18. cxd4 Rac8 19. d5 Qc4 20. Qxc4 Nxc4 21. dxe6 fxe6 22. Nd4 e5 23. Nf5 Rc7 24. f3 Bc8 25. Nd6 Rd8 26. Nxc8 Rcxc8 27. Bc2 Kf7 28. Bb3 b5 {½-½ Lutz,R (2120)-Bracker,A (2268) Bremen Silvester op 2021 (5)}) 14... Bb7 15. Qc2 c5 16. f4 Nc6 17. Be4 Nxe5 18. fxe5 Rac8 19. Rf3 cxd4 20. Bxb7 d3 21. Qxd3 Qxb7 22. Qd4 Rc5 23. e4 Qc7 24. Rd1 Rxe5 25. Qd7 Rc5 26. Qd2 Rc4 27. Qd3 Rc8 28. Qd7 Qc5+ 29. Kh1 Rc7 30. Qe8+ Qf8 31. Qb5 Rxc3 32. Rxc3 Rxc3 33. h3 Qc8 34. Qa4 Qc7 35. Rf1 Kh7 36. Qd1 Qc4 37. e5 Qe4 38. Qh5 Rg3 0-1

[Event "Olympiad Women 2024"]
[Site "Budapest HUN"]
[Date "2024.09.22"]
[Round "11.7"]
[Board "1"]
[White "Osmak, Yuliia"]
[Black "Bulmaga, Irina"]
[Result "1-0"]
[WhiteElo "2471"]
[BlackElo "2406"]
[PlyCount "81"]
[EventDate "2024.09.11"]
[WhiteTeam "Ukraine"]
[BlackTeam "Romania"]
[WhiteTeamCountry "UKR"]
[BlackTeamCountry "ROU"]

1. c4 e6 2. Nc3 d5 3. d4 Nf6 4. cxd5 exd5 5. Bg5 c6 6. e3 h6 7. Bh4 Be6 8. Bd3 Nbd7 9. f3 Be7 10. Nge2 O-O 11. O-O Nb6 12. Nf4 Bc8 $146 ({RR} 12... Bd7 13. Bg3 c5 14. Rc1 Rc8 15. Kh1 Re8 16. Bb1 Bf8 17. Re1 cxd4 18. exd4 Rxe1+ 19. Qxe1 Bc6 20. Bf5 Rc7 21. Nd3 Re7 22. Ne5 Nc4 23. Qf2 Re8 24. Rd1 Qb6 25. Nxc4 dxc4 26. d5 Bd7 27. Qxb6 {1-0 Holt,C (2540)-Santos Latasa,J (2624) Titled Tue 13th Aug Late 2024 (6)}) 13. Bf2 Bd6 14. Qd2 Bxf4 15. exf4 Nc4 16. Qc2 Nh5 17. Ne2 Qf6 18. f5 Qd6 19. Qc1 Re8 20. g4 Nf6 21. b3 Nb6 22. Nf4 a5 23. a4 Nbd7 24. h4 Nh7 25. Kg2 Ndf8 26. Qd2 b6 27. Bg3 Qd8 28. Rac1 Bb7 29. Nh3 f6 30. Nf4 Qd7 31. Nxd5 cxd5 32. Rc7 Qd8 33. Rxb7 Re7 34. Rxe7 Qxe7 35. Re1 Qf7 36. Bb5 Rc8 37. Bd6 Rd8 38. Re7 Rxd6 39. Rxf7 Kxf7 40. Qf4 Ke7 41. Qe3+ 1-0

[Event "Olympiad Women 2024"]
[Site "Budapest HUN"]
[Date "2024.09.22"]
[Round "11.7"]
[Board "2"]
[White "Sandu, Mihaela"]
[Black "Buksa, Nataliya"]
[Result "1/2-1/2"]
[WhiteElo "2248"]
[BlackElo "2387"]
[PlyCount "133"]
[EventDate "2024.09.11"]
[WhiteTeam "Romania"]
[BlackTeam "Ukraine"]
[WhiteTeamCountry "ROU"]
[BlackTeamCountry "UKR"]

1. e4 c5 2. Nf3 Nc6 3. d4 cxd4 4. Nxd4 Nf6 5. Nc3 e5 6. Ndb5 d6 7. Bg5 a6 8. Na3 b5 9. Nd5 Be7 10. Bxf6 Bxf6 11. c3 Ne7 12. Nxf6+ gxf6 13. g3 Bb7 14. Bg2 f5 15. Qe2 Qc7 ({RR} 15... O-O 16. Nc2 fxe4 17. Bxe4 Bxe4 18. Qxe4 f5 19. Qe2 f4 20. O-O-O Qb6 21. Qg4+ Kh8 22. gxf4 Rxf4 23. Qe6 Ng6 24. h4 Rd8 25. Kb1 Qxf2 26. h5 Rf6 27. Qg4 Ne7 28. h6 Rg8 29. Qd7 Nf5 30. Rhf1 {½-½ Giri,A (2773)-Mamedyarov,S (2771) Oslo Esports Cup rapid 2022 (5.2)}) 16. Nc2 ({RR} 16. O-O Bxe4 17. Bxe4 fxe4 18. Qxe4 Qc6 19. Qh4 h5 20. Rad1 d5 21. Nc2 Qe6 22. Ne3 f6 23. Rfe1 Rd8 24. f4 Ng6 25. f5 Nxh4 26. fxe6 Nf3+ 27. Kf2 Nxe1 28. Nf5 Nc2 29. Rc1 Rc8 30. Rxc2 Rc6 {0-1 Niekras,D (2344)-Chigaev,M (2617) Titled Tue 19th Mar Late 2024 (5)}) 16... h5 17. h4 $146 ({RR} 17. O-O-O O-O-O 18. Bf3 Qc4 19. Rhe1 Qxe2 20. Rxe2 h4 21. Ne1 hxg3 22. hxg3 fxe4 23. Bxe4 d5 24. Bc2 f6 25. Nf3 Kc7 26. Nh4 Bc8 27. Ree1 Bg4 28. Rd2 a5 29. Bd1 Be6 30. Bf3 b4 31. Rc2 Kd6 {0-1 Susnik,M (2255)-Sermek,D (2465) Ljubljana op 3rd 1992 (2)}) ({RR} 17. O-O-O O-O-O 18. f4 Qc4 19. Qxc4+ bxc4 20. Ne3 fxe4 21. Nxc4 exf4 22. Nxd6+ Rxd6 23. Rxd6 f3 24. Bh3+ f5 25. Rf6 h4 26. gxh4 Rh5 27. Rd1 Rxh4 28. Bxf5+ Nxf5 29. Rxf5 e3 30. Re1 e2 31. Kd2 Rxh2 {1-0 Vocaturo,D (2445)-Mohr,G (2488) Mediterranean-ch 6th 2009 (5)}) 17... Qc4 18. Qxc4 bxc4 19. Ne3 Rc8 20. O-O-O Rh6 21. exf5 Bxg2 22. Nxg2 Nxf5 23. Rhe1 Re6 24. Rd5 Kd7 25. Ra5 Rc6 26. Rd1 Kc7 27. Nf4 Rh6 28. Nd5+ Kb7 29. Re1 Re6 30. Nb4 Rb6 31. a4 Ne7 32. f4 Rxb4 33. cxb4 Nc6 34. fxe5 Nxb4 35. Rd1 dxe5 36. Rad5 Nxd5 37. Rxd5 f6 38. Rd7+ Kc6 39. Rh7 Kd5 40. Rxh5 Ke4 41. g4 Kf4 42. g5 fxg5 43. hxg5 e4 44. Rh6 Re5 45. Rxa6 e3 46. Kd1 Rxg5 47. Rf6+ Ke5 48. Rf8 Rg2 49. Re8+ Kd4 50. Rd8+ Kc5 51. Re8 Kb4 52. Rxe3 Rxb2 53. a5 Ra2 54. Kc1 Rxa5 55. Rh3 Rg5 56. Rf3 Rg4 57. Rh3 Kc5 58. Rf3 Kd4 59. Rh3 Rg2 60. Rf3 Kc5 61. Rh3 Kb4 62. Rf3 Ka4 63. Rh3 Rg7 64. Kc2 Kb4 65. Rf3 Rg2+ 66. Kc1 c3 67. Rf8 1/2-1/2

[Event "Olympiad Women 2024"]
[Site "Budapest HUN"]
[Date "2024.09.22"]
[Round "11.7"]
[Board "3"]
[White "Gaponenko, Inna"]
[Black "Lehaci, Miruna-Daria"]
[Result "1-0"]
[WhiteElo "2324"]
[BlackElo "2180"]
[PlyCount "79"]
[EventDate "2024.09.11"]
[WhiteTeam "Ukraine"]
[BlackTeam "Romania"]
[WhiteTeamCountry "UKR"]
[BlackTeamCountry "ROU"]

1. e4 c5 2. c3 d5 3. exd5 Qxd5 4. d4 Nc6 5. Nf3 Bf5 6. Be3 cxd4 7. Nxd4 Nf6 8. Qb3 Nxd4 9. Bxd4 a6 ({RR} 9... Qe4+ 10. Be3 O-O-O 11. Nd2 Qc6 12. Bb5 Qxg2 13. O-O-O a6 14. Qc4+ Kb8 15. Qc5 axb5 16. Bf4+ e5 17. Bxe5+ Bd6 18. Bxd6+ Rxd6 19. Qxd6+ Ka8 20. Rhg1 Qh3 21. Rg3 Qh6 22. c4 b4 23. Qxb4 Ne4 24. Ra3+ {1-0 Bardyk,A (2206)-Makaraci,T (2238) Titled Tue 2nd Jan Late 2024 (7)}) 10. Nd2 e6 11. O-O-O $146 ({RR} 11. Be2 O-O-O 12. Nc4 Bc5 13. O-O Be4 14. Rfd1 Qg5 15. g3 h5 16. Ne5 h4 17. Nxf7 hxg3 18. fxg3 Qf5 19. Qc4 Qh3 20. Qxc5+ Bc6 21. Bf3 Rd5 22. Bxd5 Qxh2+ 23. Kf1 exd5 24. Nxh8 Ne4 25. Qf8+ Kd7 {1-0 Jones,G (2676)-Pichot,A (2556) Sharjah Masters 1st 2017 (3)}) ({RR} 11. Be2 Qxb3 12. axb3 Bd6 13. Bf3 O-O-O 14. Nc4 e5 15. Be3 Bg4 16. Ke2 Bc7 17. h3 Bxf3+ 18. Kxf3 Nd5 19. g4 Nxe3 20. Nxe3 f6 21. Rhd1 h5 22. Rxd8+ Bxd8 23. Rd1 hxg4+ 24. hxg4 g6 25. b4 Rh3+ {0-1 Abdusattorov,N (2627)-Jones,G (2670) Titled Tuesday intern op 20th Oct blitz 2020 (6)}) ({RR} 11. Be2 Qxb3 12. axb3 O-O-O 13. Nc4 Nd7 14. b4 Kc7 15. O-O f6 16. f4 Be4 17. Rfe1 Bd5 18. Ne3 Bc6 19. Nc4 Bd5 20. Ne3 Bc6 21. Nc4 {½-½ Potapov,P (2469)-Socko,B (2663) Moscow op-A 2014 (5)}) 11... Qxb3 12. Nxb3 Bd6 13. g3 Be4 14. Rg1 Ke7 15. Bg2 Bxg2 16. Rxg2 h5 17. f3 h4 18. Na5 hxg3 19. hxg3 Nh5 20. Bf2 Rab8 21. Kc2 Rhc8 22. f4 b6 23. Nb3 Nf6 24. Bd4 Nd5 25. Re2 g6 26. Nd2 Nb4+ 27. Kb1 Nc6 28. Bf2 Bc5 29. Bxc5+ bxc5 30. Ne4 Na5 31. Red2 Nc4 32. Rd7+ Ke8 33. Nf6+ Kf8 34. Rh1 g5 35. Rh7 Nd6 36. Rxd6 Ke7 37. Ne4 gxf4 38. gxf4 Rg8 39. Rd2 Rg4 40. Nxc5 1-0

[Event "Olympiad Women 2024"]
[Site "Budapest HUN"]
[Date "2024.09.22"]
[Round "11.7"]
[Board "4"]
[White "Ciolacu, Alessia-Mihaela"]
[Black "Doluhanova, Evgeniya"]
[Result "0-1"]
[WhiteElo "2160"]
[BlackElo "2304"]
[PlyCount "98"]
[EventDate "2024.09.11"]
[WhiteTeam "Romania"]
[BlackTeam "Ukraine"]
[WhiteTeamCountry "ROU"]
[BlackTeamCountry "UKR"]

1. d4 Nf6 2. c4 e6 3. Nf3 b6 4. g3 Bb7 5. Bg2 Be7 6. O-O O-O 7. h4 d6 ({RR} 7... a5 8. Re1 Na6 9. Nc3 d5 10. Ne5 c5 11. Be3 cxd4 12. Bxd4 Nc5 13. Rc1 Rc8 14. a3 Nce4 15. cxd5 Nxc3 16. Rxc3 Rxc3 17. Bxc3 Nxd5 18. Bd4 Qc7 19. Qc1 Bc5 20. Bxc5 bxc5 21. Nc4 Rb8 22. Rd1 {0-1 Esipenko,A (2677)-Matlakov,M (2674) Titled Tue 21st Nov Late 2023 (6)}) 8. Nc3 Nbd7 9. Re1 d5 $146 ({RR} 9... Ne4 10. Nxe4 Bxe4 11. Bh3 Bxf3 12. exf3 Bf6 13. Rb1 Re8 14. Kg2 e5 15. Qa4 Nf8 16. d5 a5 17. Qc2 Nd7 18. b3 Nc5 19. a3 a4 20. b4 Nb3 21. Be3 g6 22. f4 exf4 23. Bxf4 h5 24. Kh2 {0-1 Deac,B (2671)-Skliarov,V (2387) Titled Tuesday intern op 17th May Early blitz 2022 (5)}) ({RR} 9... Ne4 10. Qc2 Nxc3 11. bxc3 f5 12. Ng5 Bxg5 13. Bxb7 Bxc1 14. Bxa8 Qxa8 15. Raxc1 f4 16. Qd3 e5 17. e4 Qe8 18. Kg2 Qh5 19. Qf3 Qg6 20. g4 Nf6 21. Kh3 h5 22. gxh5 Nxh5 23. Rg1 Qe6+ 24. Qg4 {1-0 Hakobyan,A (2619)-Miszler,L (2269) Titled Tue 20th Feb Early 2024 (1)}) ({RR} 9... Ne4 10. Qc2 Nxc3 11. bxc3 Rb8 12. e4 e5 13. Ba3 c5 14. Rad1 Qc7 15. d5 Bc8 16. Bc1 Nf6 17. Nh2 g6 18. Bh6 Re8 19. Bf3 Kh8 20. Qd2 Ng8 21. Bg5 f6 22. Be3 f5 23. Bg5 Rf8 24. Bg2 {½-½ Sai Agni Jeevitesh,J (2274)-Kiolbasa,O (2367) 30th Abu Dhabi Masters 2024 (2.94)}) 10. cxd5 exd5 11. Bf4 c5 12. Rc1 h6 13. e3 a6 14. Ne5 Nxe5 15. dxe5 Ne4 16. h5 Nxc3 17. Rxc3 b5 18. Rc2 Qa5 19. a3 Rad8 20. Rd2 c4 21. Rf1 b4 22. axb4 Bxb4 23. Rc2 Bc6 24. Qg4 Bd7 25. Qh4 Be6 26. g4 Qc7 27. g5 Be7 28. Qg3 Bxg5 29. Bxg5 hxg5 30. Qxg5 Qd7 31. Ra1 Ra8 32. Rd2 Qd8 33. Qg3 f6 34. Rad1 Qe8 35. h6 Ra7 36. Rxd5 Bxd5 37. Bxd5+ Kh8 38. Rd4 gxh6 39. exf6 Rxf6 40. Rg4 Rf8 41. Qd6 Rh7 42. Be4 Qe7 43. Qg6 h5 44. Rg5 Qxg5+ 45. Qxg5 Rg7 46. Bg6 Rxg6 47. Qxg6 Rg8 48. Qg3 h4 49. Qg2 a5 0-1

[Event "Olympiad Women 2024"]
[Site "Budapest HUN"]
[Date "2024.09.22"]
[Round "11.8"]
[Board "1"]
[White "Brunello, Marina"]
[Black "Stefanova, Antoaneta"]
[Result "0-1"]
[WhiteElo "2348"]
[BlackElo "2416"]
[PlyCount "72"]
[EventDate "2024.09.11"]
[WhiteTeam "Italy"]
[BlackTeam "Bulgaria"]
[WhiteTeamCountry "ITA"]
[BlackTeamCountry "BUL"]

1. e4 e5 2. Nf3 Nc6 3. Bc4 Nf6 4. d3 h6 5. c3 d6 6. O-O g6 7. d4 Qe7 8. Re1 Bg7 9. Nbd2 O-O 10. h3 a5 ({RR} 10... Kh7 11. a3 a6 12. Bd3 Nh5 13. Nf1 exd4 14. e5 dxc3 15. bxc3 dxe5 16. g4 Nf6 17. Ng3 Be6 18. g5 hxg5 19. Bxg5 Qd7 20. Qc2 Bd5 21. Bxf6 Bxf3 22. Be4 Bxe4 23. Nxe4 Qf5 24. Bh4 Rh8 25. Bg3 {0-1 Bologan,V (2661)-Harikrishna,P (2726) Wch Rapid Dubai 2014 (12)}) ({RR} 10... b6 11. a4 Bb7 12. Bd3 Nh5 13. d5 Nb8 14. a5 Nf4 15. Bf1 Nd7 16. g3 Nh5 17. Nh4 Ndf6 18. c4 Bc8 19. axb6 cxb6 20. Ra3 Kh7 21. b4 Bd7 22. Nb3 Rfc8 23. Qd3 Rc7 24. Be3 g5 25. Nf5 {0-1 Nilsson,E (2117)-Eriksson,K (2035) Elite Hotels Vaxjo Open 2024 (6.15)}) 11. Nf1 a4 12. Rb1 $146 ({RR} 12. Ng3 Bd7 13. Be3 Nh7 14. Qc2 h5 15. dxe5 Nxe5 16. Nxe5 dxe5 17. b4 b6 18. Rad1 Rfd8 19. Rd2 Be8 20. Rd4 Rd6 21. Rxd6 Rc8 22. Rd8 Rxd8 23. b5 a3 24. Qb3 Ng5 25. Bd5 Ne6 26. c4 Bf8 {0-1 Mishra,A (2505)-Panjwani,R (2436) Charlotte CCCSA Spring GM-A 2022 (6)}) 12... Bd7 13. Ng3 Na5 14. Bd3 c5 15. b4 axb3 16. axb3 cxd4 17. b4 Nc6 18. b5 Nd8 19. cxd4 exd4 20. Nf5 gxf5 21. exf5 Ne6 22. Nxd4 Nd5 23. fxe6 fxe6 24. Nf5 Rxf5 25. Bxf5 Nc3 26. Qb3 Qf7 27. Bb2 Nxb1 28. Bxb1 Rf8 29. Qc2 Bxb2 30. Qxb2 Qf6 31. Qc2 Rf7 32. Re3 Qd4 33. Kh2 Kf8 34. Qc7 Ke7 35. Qxb7 Rxf2 36. Rg3 Rf1 0-1

[Event "Olympiad Women 2024"]
[Site "Budapest HUN"]
[Date "2024.09.22"]
[Round "11.8"]
[Board "2"]
[White "Salimova, Nurgyul"]
[Black "Zimina, Olga"]
[Result "1-0"]
[WhiteElo "2412"]
[BlackElo "2302"]
[PlyCount "85"]
[EventDate "2024.09.11"]
[WhiteTeam "Bulgaria"]
[BlackTeam "Italy"]
[WhiteTeamCountry "BUL"]
[BlackTeamCountry "ITA"]

1. d4 Nf6 2. Nc3 c5 3. d5 e6 4. e4 d6 5. Nf3 exd5 6. exd5 Be7 7. h3 O-O 8. Bd3 Na6 ({RR} 8... a6 9. a4 Re8 10. O-O b6 11. Ne2 Bb7 12. c4 Nbd7 13. Ng3 b5 14. b3 Bf8 15. Nf5 Rb8 16. Bf4 Ne5 17. Nxe5 dxe5 18. Bg5 e4 19. Bc2 Qd7 20. Ng3 Be7 21. Re1 h6 22. Bxf6 Bxf6 23. Rb1 {0-1 Sari,Y (2292)-Leenhouts,K (2432) Titled Tue 13th Feb Late 2024 (3)}) 9. Bxa6 ({RR} 9. O-O Nc7 10. Re1 b6 11. a4 Bb7 12. Bc4 a6 13. Bg5 h6 14. Bh4 Re8 15. Qd3 Nh5 16. Rxe7 Rxe7 17. Bxe7 Qxe7 18. Re1 Qd7 19. Nh4 Re8 20. Rxe8+ Qxe8 21. Kf1 Bc8 22. Qe4 Qxe4 23. Nxe4 Ne8 {½-½ Miladinovic,I (2535)-Kuzmin,G (2545) Agios Nikolaos op 1995 (4)}) 9... bxa6 10. O-O Rb8 $146 ({RR} 10... h6 11. Nd2 Bf5 12. Nc4 Re8 13. Bf4 Bf8 14. Qd2 Ne4 15. Nxe4 Rxe4 16. b3 Rd4 17. Qc1 Qf6 18. Bg3 Rxd5 19. Ne3 Rd4 20. Nxf5 Qxf5 21. c3 Re4 22. Qa3 Qc8 23. Rad1 Qc6 24. c4 Re2 25. Qa5 {½-½ Scarella,E (2285)-Szmetan,J (2410) Buenos Aires FMDA 1990 (1)}) 11. b3 Bf5 12. Re1 Re8 13. Bb2 h6 14. Nd2 Qd7 15. Nc4 Bf8 16. Ne2 Qe7 17. Ng3 Qxe1+ 18. Qxe1 Rxe1+ 19. Rxe1 Bxc2 20. Bxf6 gxf6 21. Nh5 f5 22. Nf4 h5 23. Nxh5 Rd8 24. Ne3 Bd3 25. Nf4 Bb5 26. Nxf5 Bd7 27. Ne3 Kg7 28. Nc4 Bb5 29. Re4 Kf6 30. g4 Re8 31. Nh5+ Kg6 32. Rxe8 Bxe8 33. Ng3 f6 34. h4 Bf7 35. Ne3 Bh6 36. Ngf5 Bf4 37. Kg2 Be5 38. Kf3 Bh2 39. Ke4 Bg1 40. h5+ Kh7 41. Nxd6 Bg8 42. Ne8 Bxf2 43. Nxf6+ 1-0

[Event "Olympiad Women 2024"]
[Site "Budapest HUN"]
[Date "2024.09.22"]
[Round "11.8"]
[Board "3"]
[White "Gueci, Tea"]
[Black "Radeva, Viktoria"]
[Result "1/2-1/2"]
[WhiteElo "2199"]
[BlackElo "2297"]
[PlyCount "66"]
[EventDate "2024.09.11"]
[WhiteTeam "Italy"]
[BlackTeam "Bulgaria"]
[WhiteTeamCountry "ITA"]
[BlackTeamCountry "BUL"]

1. e4 c5 2. Nf3 Nc6 3. Bb5 e5 4. O-O Bd6 5. d4 Nxd4 6. Bc4 h6 7. Nxd4 cxd4 8. c3 Bc5 9. Qb3 Qf6 10. f4 ({RR} 10. cxd4 Bxd4 11. Be3 Ne7 12. Bxd4 exd4 13. e5 Qf4 14. g3 Qf5 15. f4 O-O 16. Nd2 d6 17. exd6 Nc6 18. Rac1 Qg6 19. Rfe1 a5 20. Bd5 Nb4 21. Ne4 d3 22. Re3 Bf5 23. a3 Nxd5 24. Qxd5 Rae8 {0-1 Xie,F (2244)-Jiang,Q (2258) FSIM February 2024 (2.2)}) 10... Ne7 11. Kh1 $146 ({RR} 11. cxd4 Bxd4+ 12. Kh1 O-O 13. fxe5 Qg6 14. Nd2 Bxe5 15. Nf3 d6 16. Nxe5 dxe5 17. Be3 Be6 18. Bxe6 Qxe6 19. Qxe6 fxe6 20. Rxf8+ Kxf8 21. Rd1 b6 22. Kg1 Ng8 23. Kf2 Nf6 24. Kf3 Ke7 25. Rc1 Kd6 {½-½ Svane,F (2568)-Esipenko,A (2678) 9th Sunway Sitges 2022 (5.6)}) 11... O-O 12. fxe5 Qxe5 13. Bxf7+ Kh8 14. cxd4 Qxd4 15. Nc3 d5 16. Nxd5 Qxe4 17. Nc3 Qc6 18. Bd2 Bh3 19. Bd5 Nxd5 20. Qxd5 Qxd5 21. Nxd5 Bg4 22. Be3 Bxe3 23. Nxe3 Be2 24. Rxf8+ Rxf8 25. Kg1 Rd8 26. Rc1 Bb5 27. Rc2 Kh7 28. Kf2 Kg6 29. g3 h5 30. Ng2 Kf6 31. Nf4 g6 32. Ke3 Bc6 33. Rc3 Re8+ 1/2-1/2